| 000 | 00422nam a2200133 a 4500 | ||
|---|---|---|---|
| 001 | 5509 | ||
| 003 | CDMR | ||
| 005 | 20130116135309.0 | ||
| 008 | 130130s1988||||||||||||||||||||||||||||d | ||
| 040 |
_aCDMR _bcat _cCDMR |
||
| 245 | 0 |
_aReforma de las enseñanzas universitarias. Título _bDiplomado en Comunicación e Información |
|
| 260 |
_aMadrid _c1988 _bMinisterio de Educación y Ciencia. Consejo de Universidades |
||
| 942 | _cMON | ||
| 999 |
_c5509 _d5509 |
||